| 000 | 00622nam a22001937a 4500 | ||
|---|---|---|---|
| 999 |
_c169563 _d169563 |
||
| 005 | 20191122171939.0 | ||
| 010 | _aENG-127001 | ||
| 020 |
_a9788184202366 _c1100.00 |
||
| 035 | _aEN-110533 | ||
| 037 | _bDBAD/PUB | ||
| 082 | _a305.560 | ||
| 100 | _aMukesh Kumar Singh | ||
| 245 |
_aCaste and reservation in India / _cby Mukesh Kumar Singh |
||
| 260 |
_aNew Delhi _c2010 _bSumit Enterprises |
||
| 270 |
_a4649B/21, Ansari Road, Darya Ganj _bNew Delhi _e110002 _k011-23279353 |
||
| 300 |
_a293p. _c21cm(Hb) |
||
| 500 | _aIncludes bibliographical references and index | ||
| 942 |
_2ddc _cEN _h305.560 _mMUK |
||